000
00254nam a2200097Ia 4500
001
937521
005
20250826215107.0
008
250824s9999 xx 000 0 und d
245
0
_a
KIRK DİYARINDAN MASALLAR
_c
HULUSİ ÜSTÜN
260
_b
ÇINARALTI YAYINLARI
999
_c
937521
_d
937521